| 000 | 00487nam a2200193Ia 4500 | ||
|---|---|---|---|
| 005 | 20240823060257.0 | ||
| 008 | 240823s9999||||xx |||||||||||||| ||und|| | ||
| 041 | _aENGLISH | ||
| 082 | _A620.4022 N7 | ||
| 100 | _aKothandaraman C P | ||
| 245 | 0 | _aHeat and Mass Transfer Data Book | |
| 250 | _a4th | ||
| 260 |
_c1997 _bNew Age International (P _aNew Delhi |
||
| 500 | _aTRANSFERED | ||
| 650 |
_aMechanical _bMechanical |
||
| 700 | _aSubramanyan S | ||
| 942 | _cBK | ||
| 999 |
_c230750 _d230750 |
||